[Event "POL-chT 2nd League"]
[Site "Jastrzebia Gora"]
[Date "2023.09.04"]
[Round "3.21"]
[White "Janaszak, Dawid"]
[Black "Majewski, Krzysztof"]
[Result "1/2-1/2"]
[WhiteElo "2302"]
[BlackElo "1903"]
[PlyCount "113"]
[EventDate "2023.09.02"]
[EventType "team-swiss"]
[EventRounds "9"]
[EventCountry "POL"]
[SourceTitle "EXT 2024"]
[Source "ChessBase"]
[SourceDate "2023.10.10"]
[SourceVersion "1"]
[SourceVersionDate "2023.10.10"]
[SourceQuality "1"]
[WhiteTeam "Ostrow Wielkopolski"]
[BlackTeam "Koszalin Hetman Politechnika"]
[WhiteTeamCountry "POL"]
[BlackTeamCountry "POL"]

1. e4 e6 2. d4 d5 3. Nd2 dxe4 4. Nxe4 Nd7 5. g3 Ngf6 6. Nxf6+ Nxf6 7. Bg2 c5 8. Ne2 cxd4 9. Qxd4 Be7 10. 0-0 0-0 11. c4 Qa5 12. Bd2 Qa6 13. b4 Rd8 14. Qc3 Ng4 15. Qc2 e5 16. h3 Nf6 17. b5 Qb6 18. Bc3 Be6 19. Qa4 Qc5 20. Rfe1 Bxc4 21. Rac1 Bxb5 22. Qb3 Bc6 23. Bd4 Qb4 24. Bxe5 Bxg2 25. Bxf6 Qxb3 26. axb3 Bxf6 27. Kxg2 Rd3 28. b4 Rb3 29. Nf4 Bg5 30. Rc4 h6 31. Rd1 b5 32. Re4 a5 33. bxa5 Rxa5 34. Nd5 Ra6 35. h4 Bf6 36. Nc7 Rc6 37. Rd7 Rb2 38. Nd5 Rcc2 39. Rf4 Rc6 40. Re4 Re6 41. Rf4 Rc2 42. Rb7 Rc5 43. Rf5 Be5 44. Rd7 f6 45. Nf4 Rd6 46. Rb7 Rdc6 47. Nd3 g6 48. Rf3 Rc3 49. Rxb5 Bd4 50. Rd5 R3c4 51. Rd7 Rc7 52. Rd6 R7c6 53. Rd5 Rc7 54. Nf4 Kf7 55. Rd3 Bc5 56. Rd7+ Be7 57. Rxc7 1/2-1/2

[Event "POL-chT 2nd League"]
[Site "Jastrzebia Gora"]
[Date "2023.09.02"]
[Round "1.105"]
[White "Kitewski, Bartosz"]
[Black "Majewski, Krzysztof"]
[Result "0-1"]
[WhiteElo "1967"]
[BlackElo "1903"]
[PlyCount "86"]
[EventDate "2023.09.02"]
[EventType "team-swiss"]
[EventRounds "9"]
[EventCountry "POL"]
[SourceTitle "EXT 2024"]
[Source "ChessBase"]
[SourceDate "2023.10.10"]
[SourceVersion "1"]
[SourceVersionDate "2023.10.10"]
[SourceQuality "1"]
[WhiteTeam "Olsztyn Trzydziestka"]
[BlackTeam "Koszalin Hetman Politechnika"]
[WhiteTeamCountry "POL"]
[BlackTeamCountry "POL"]

1. d4 d6 2. Nf3 Nd7 3. c4 e5 4. Nc3 exd4 5. Nxd4 g6 6. e4 Bg7 7. Be2 Ngf6 8. 0-0 0-0 9. Be3 Nc5 10. f3 a5 11. Qd2 Re8 12. Rfd1 Be6 13. Ndb5 Na6 14. Rac1 Qe7 15. Bf1 Nd7 16. Nd5 Qd8 17. Nd4 Nac5 18. g3 Ne5 19. Qe2 c6 20. Nxe6 Nxe6 21. Nb6 Rb8 22. c5 Bf8 23. cxd6 c5 24. d7 Re7 25. Nd5 Rxd7 26. f4 Nc6 27. Nf6+ Qxf6 28. Rxd7 Ned4 29. Qf2 Qe6 30. Rxf7 Qxe4 31. Bc4 Kh8 32. Rd7 Re8 33. Rc3 Bg7 34. Bd5 Qf5 35. Rd6 Bf8 36. Rxc5 Rxe3 37. Qxe3 Bxd6 38. Qe8+ Kg7 39. Qg8+ Kh6 40. Rc4 Ne7 41. Qh8 Qxd5 42. g4 Ne2+ 43. Kf2 Nxf4 0-1

[Event "Ustron op-B"]
[Site "Ustron"]
[Date "2023.08.19"]
[Round "9"]
[White "Majewski, Krzysztof"]
[Black "Kroliczek, Gabriela"]
[Result "1-0"]
[WhiteElo "1868"]
[BlackElo "1980"]
[PlyCount "105"]
[EventDate "2023.08.11"]
[EventType "swiss"]
[EventRounds "9"]
[EventCountry "POL"]
[SourceTitle "CBM 215 Extra"]
[Source "ChessBase"]
[SourceDate "2023.09.30"]
[SourceVersion "1"]
[SourceVersionDate "2023.09.30"]
[SourceQuality "1"]

1. b3 e5 2. Bb2 d6 3. e3 f5 4. f4 Nd7 5. Nf3 e4 6. Nd4 Ndf6 7. Na3 g6 8. Bb5+ c6 9. Be2 Bg7 10. c4 Nh6 11. Qc2 Bd7 12. c5 d5 13. 0-0-0 0-0 14. h3 Qe7 15. Kb1 Rfc8 16. Rdg1 b6 17. Ba6 bxc5 18. Bxc8 Rxc8 19. Ne2 Rb8 20. Ka1 Ne8 21. Bxg7 Nxg7 22. Nb1 Bc8 23. Nec3 Ba6 24. Na4 Ne6 25. Rc1 c4 26. bxc4 Bxc4 27. Nb2 Bb5 28. Nc3 Nf7 29. Nxb5 cxb5 30. Qb3 Qb7 31. Qb4 Qb6 32. Qc3 d4 33. Qc6 dxe3 34. dxe3 g5 35. g3 Kg7 36. Rhd1 a5 37. Qc3+ Kg8 38. Rd7 Nf8 39. Rc7 a4 40. Rc6 Qd8 41. Rd1 Qe8 42. Rd5 b4 43. Qc4 a3 44. Na4 b3 45. axb3 Rxb3 46. Rc8 Rb4 47. Qc5 Qxc8 48. Qxc8 Rxa4 49. Rxf5 gxf4 50. gxf4 Ra7 51. Qc5 Rd7 52. Rd5 Rb7 53. Rd2 1-0

[Event "Lazy Baltic Pearl op-A 19th"]
[Site "Lazy"]
[Date "2023.07.04"]
[Round "9"]
[White "Majewski, Krzysztof"]
[Black "Cyra, Dariusz"]
[Result "1-0"]
[WhiteElo "1859"]
[BlackElo "1863"]
[PlyCount "143"]
[EventDate "2023.06.26"]
[EventType "swiss"]
[EventRounds "9"]
[EventCountry "POL"]
[SourceTitle "EXT 2024"]
[Source "ChessBase"]
[SourceDate "2023.10.10"]
[SourceVersion "1"]
[SourceVersionDate "2023.10.10"]
[SourceQuality "1"]

1. e4 d5 2. exd5 Nf6 3. c4 e6 4. d4 exd5 5. Nc3 Be7 6. Be3 0-0 7. Qc2 Nc6 8. Nf3 Re8 9. Ne5 Bd6 10. Nxc6 bxc6 11. Be2 Ng4 12. Bxg4 Bxg4 13. h3 Qh4 14. Kd2 Bh5 15. g3 Qf6 16. Rhf1 Bf3 17. Rg1 dxc4 18. Rae1 Rab8 19. Kc1 a5 20. Qa4 Bb4 21. Qc2 Qd6 22. Qd2 Bxc3 23. Qxc3 Qb4 24. Bd2 Qxc3+ 25. Bxc3 a4 26. a3 f5 27. Kd2 Kf7 28. Re3 Bd5 29. Rge1 Rxe3 30. Rxe3 Re8 31. Re5 g6 32. f4 h5 33. h4 Rd8 34. Bb4 Rd7 35. Kc3 c5 36. Bxc5 c6 37. Kb4 Rb7+ 38. Kxa4 Rxb2 39. Re7+ Kf6 40. Re3 Rd2 41. Ka5 Be4 42. Rc3 Bd3 43. Kb6 Ke6 44. a4 Rb2+ 45. Kxc6 Be4+ 46. Kc7 Rb3 47. Rxc4 Rxg3 48. a5 Rg4 49. Rc1 Rxh4 50. a6 Rh1 51. Rc3 Ra1 52. a7 Ra2 53. Re3 Kf7 54. Kd6 Ra6+ 55. Kd7 Bc6+ 56. Kc7 Be4 57. Rg3 Ra1 58. Rb3 h4 59. Kd6 Ra6+ 60. Kc7 Ra1 61. Ba3 Ke6 62. Rb6+ Kf7 63. Rb3 Bd5 64. Re3 Bg2 65. Kd6 h3 66. Rxh3 Rd1 67. Bc5 Ra1 68. Ra3 Rxa3 69. Bxa3 Ba8 70. Kc7 g5 71. fxg5 f4 72. Bc1 1-0

[Event "Lazy Baltic Pearl op-A 19th"]
[Site "Lazy"]
[Date "2023.06.26"]
[Round "1"]
[White "Majewski, Krzysztof"]
[Black "Borkowski, Szymon"]
[Result "1-0"]
[WhiteElo "1859"]
[BlackElo "1629"]
[PlyCount "45"]
[EventDate "2023.06.26"]
[EventType "swiss"]
[EventRounds "9"]
[EventCountry "POL"]
[SourceTitle "CBM 215 Extra"]
[Source "ChessBase"]
[SourceDate "2023.09.30"]
[SourceVersion "1"]
[SourceVersionDate "2023.09.30"]
[SourceQuality "1"]

1. b3 Nf6 2. Bb2 g6 3. Nf3 Bg7 4. g3 0-0 5. Bg2 d6 6. d4 c6 7. 0-0 Qc7 8. c4 Nbd7 9. d5 c5 10. Qc2 a6 11. a4 b6 12. Nc3 Bb7 13. Nh4 Rfe8 14. Rad1 e6 15. dxe6 Rxe6 16. Bxb7 Qxb7 17. Ng2 g5 18. Ne3 Ne4 19. Nxe4 Bxb2 20. Nxg5 Rg6 21. Qxb2 Rxg5 22. Rxd6 Ne5 23. Nd5 1-0

[Event "POL-chT 2nd League"]
[Site "Sypniewo"]
[Date "2021.09.09"]
[Round "6.13"]
[White "Majewski, Krzysztof"]
[Black "Celinski, Kamil"]
[Result "1-0"]
[WhiteElo "1999"]
[BlackElo "2025"]
[PlyCount "63"]
[EventDate "2021.09.04"]
[EventType "team-swiss"]
[EventRounds "9"]
[EventCountry "POL"]
[SourceTitle "CBM 204 Extra"]
[Source "ChessBase"]
[SourceDate "2021.11.30"]
[SourceVersion "1"]
[SourceVersionDate "2021.11.30"]
[SourceQuality "1"]
[WhiteTeam "Koszalin Hetman Politechnika"]
[BlackTeam "Warszawa Zugzwang"]
[WhiteTeamCountry "POL"]
[BlackTeamCountry "POL"]

1. e4 e5 2. Nf3 Nc6 3. d4 exd4 4. Nxd4 Nf6 5. Nc3 Bb4 6. Nxc6 bxc6 7. Bg5 h6 8. Bd2 Qe7 9. Qe2 a5 10. 0-0-0 Rb8 11. Qf3 0-0 12. Re1 d6 13. Bc4 Nd7 14. Qg3 Kh8 15. f4 Nb6 16. Bb3 Qd7 17. Qd3 c5 18. a3 a4 19. Ba2 Ba5 20. f5 Qe7 21. g4 Nd7 22. h4 Ne5 23. Qe2 Kh7 24. g5 g6 25. Nd5 Bxd2+ 26. Qxd2 Qd8 27. Ref1 Bd7 28. h5 Qxg5 29. Qxg5 hxg5 30. hxg6+ Kg8 31. Ne7+ Kg7 32. f6# 1-0

[Event "POL-chT 2nd League"]
[Site "Sypniewo"]
[Date "2021.09.07"]
[Round "4.7"]
[White "Majewski, Krzysztof"]
[Black "Kacprzak, Kacper"]
[Result "0-1"]
[WhiteElo "1999"]
[BlackElo "2229"]
[PlyCount "107"]
[EventDate "2021.09.04"]
[EventType "team-swiss"]
[EventRounds "9"]
[EventCountry "POL"]
[SourceTitle "CBM 204 Extra"]
[Source "ChessBase"]
[SourceDate "2021.11.30"]
[SourceVersion "1"]
[SourceVersionDate "2021.11.30"]
[SourceQuality "1"]
[WhiteTeam "Koszalin Hetman Politechnika"]
[BlackTeam "Opole Rodlo II"]
[WhiteTeamCountry "POL"]
[BlackTeamCountry "POL"]

1. e4 e5 2. Nf3 Nc6 3. Bc4 Nf6 4. d3 Be7 5. 0-0 0-0 6. Nc3 d6 7. h3 Na5 8. Bb3 Nxb3 9. axb3 Re8 10. Bg5 c6 11. Re1 h6 12. Bxf6 Bxf6 13. d4 exd4 14. Nxd4 Qb6 15. Nf3 Qc7 16. Qd3 Be6 17. Nd4 Qb6 18. Nf5 Bxf5 19. exf5 d5 20. Re2 Rxe2 21. Qxe2 Qc5 22. Na4 Qf8 23. Nc3 Re8 24. Qd2 Qc5 25. Re1 Rd8 26. Qd3 Qb4 27. Re2 b5 28. Qg3 Qa5 29. Kh2 Qa1 30. f3 Qxb2 31. Nd1 Qd4 32. Nf2 Bh4 33. Qc7 Qb6 34. Qxb6 axb6 35. Nd3 Bf6 36. Kg3 Kf8 37. Kf4 Bg5+ 38. Kg4 Bf6 39. Kf4 c5 40. Re1 c4 41. Ne5 Bxe5+ 42. Rxe5 d4 43. Re1 d3 44. cxd3 Rxd3 45. Re3 Rxe3 46. Kxe3 cxb3 47. Kd3 b4 48. f4 Ke7 49. g4 Kd6 50. h4 f6 51. g5 Kd5 52. h5 b5 53. g6 b2 54. Kc2 0-1

[Event "Lazy Baltic Pearl op-A 17th"]
[Site "Lazy"]
[Date "2021.07.06"]
[Round "9"]
[White "Klepek, Witold"]
[Black "Majewski, Krzysztof"]
[Result "0-1"]
[WhiteElo "2208"]
[BlackElo "1962"]
[PlyCount "58"]
[EventDate "2021.06.27"]
[EventType "swiss"]
[EventRounds "9"]
[EventCountry "POL"]
[SourceTitle "EXT 2022"]
[Source "ChessBase"]
[SourceDate "2021.10.06"]
[SourceVersion "1"]
[SourceVersionDate "2021.10.06"]
[SourceQuality "1"]

1. e4 e6 2. d4 d5 3. Nc3 dxe4 4. Nxe4 Nd7 5. Nf3 Ngf6 6. Nxf6+ Nxf6 7. Bd3 c5 8. dxc5 Bxc5 9. Qe2 0-0 10. Bg5 Qa5+ 11. c3 Be7 12. 0-0 Qc7 13. Rad1 Rd8 14. Rfe1 Bd7 15. Ne5 Be8 16. c4 h6 17. Bh4 Nh7 18. Bg3 Bd6 19. Rc1 b6 20. a3 a5 21. Bb1 Nf6 22. Rc3 Rac8 23. f4 Bc5+ 24. Kh1 Bd4 25. Rf3 Bc6 26. Rff1 Qb7 27. Bh4 Kf8 28. b3 Bc3 29. Rc1 Rd2 0-1

[Event "Lazy op 14th"]
[Site "Lazy"]
[Date "2018.06.29"]
[Round "6"]
[White "Majewski, Krzysztof"]
[Black "Sypien, Natan"]
[Result "1/2-1/2"]
[WhiteElo "1695"]
[BlackElo "1774"]
[PlyCount "66"]
[EventDate "2018.06.24"]
[EventType "swiss"]
[EventRounds "9"]
[EventCountry "POL"]
[SourceTitle "CBM 185 Extra"]
[Source "ChessBase"]
[SourceDate "2018.07.29"]
[SourceVersion "1"]
[SourceVersionDate "2018.07.29"]
[SourceQuality "1"]

1. c4 b6 2. Nc3 Bb7 3. d4 Nf6 4. Nf3 e6 5. Bf4 Be7 6. h3 0-0 7. e3 d5 8. Be2 Nbd7 9. 0-0 c5 10. Rc1 cxd4 11. exd4 a6 12. b3 Rc8 13. Ne5 dxc4 14. bxc4 Nxe5 15. Bxe5 Bd6 16. f4 Ba3 17. Rc2 Nd7 18. f5 Nxe5 19. dxe5 Qg5 20. Bf3 Qe3+ 21. Kh1 Rfd8 22. Qe2 Qxe2 23. Bxe2 exf5 24. Rxf5 Bb4 25. Rf4 Rc5 26. Na4 Rxe5 27. Nxb6 Rde8 28. Bf1 g5 29. Rff2 Bc5 30. Nd7 Bxf2 31. Nxe5 Ba7 32. Nf3 Re3 33. Be2 h6 1/2-1/2

[Event "Lazy op 14th"]
[Site "Lazy"]
[Date "2018.06.24"]
[Round "1"]
[White "Niedbala, Bartlomiej"]
[Black "Majewski, Krzysztof"]
[Result "1-0"]
[WhiteElo "1977"]
[BlackElo "1695"]
[PlyCount "111"]
[EventDate "2018.06.24"]
[EventType "swiss"]
[EventRounds "9"]
[EventCountry "POL"]
[SourceTitle "CBM 185 Extra"]
[Source "ChessBase"]
[SourceDate "2018.07.29"]
[SourceVersion "1"]
[SourceVersionDate "2018.07.29"]
[SourceQuality "1"]

1. d4 d5 2. Bf4 Nf6 3. e3 c6 4. Nf3 Bg4 5. Nbd2 e6 6. h3 Bxf3 7. Nxf3 Bd6 8. Ne5 Qc7 9. c3 Nbd7 10. Nd3 Bxf4 11. exf4 c5 12. Ne5 c4 13. g4 Nxe5 14. fxe5 Nd7 15. Bg2 Nb6 16. f4 0-0-0 17. Qf3 g6 18. 0-0-0 Rhf8 19. Rhf1 Qe7 20. h4 a5 21. Rd2 a4 22. a3 Nd7 23. Re2 b5 24. Qh3 Rh8 25. f5 Nb6 26. Ref2 Rdf8 27. Rf4 Kd8 28. Qf3 Ke8 29. Kd1 Rhg8 30. Bh3 Nd7 31. Qg3 Rh8 32. fxe6 fxe6 33. Rf6 Nxf6 34. exf6 Qd8 35. g5 Kf7 36. Bxe6+ Kxe6 37. Re1+ Kf7 38. Re7+ Qxe7 39. fxe7 Kxe7 40. Qe5+ Kd7 41. Qxd5+ Ke7 42. Qe5+ Kd8 43. Qb8+ Ke7 44. Qb7+ Kd8 45. Qxb5 Rf1+ 46. Kc2 Rhf8 47. Qxc4 R8f2+ 48. Kd3 Rf3+ 49. Ke4 Rf5 50. Qg8+ Rf8 51. Qxh7 Re8+ 52. Kd5 Rf5+ 53. Kc4 Re7 54. Qxg6 Rc7+ 55. Kb4 Rff7 56. Qg8+ 1-0

[Event "POL-chT rapid"]
[Site "Zgierz"]
[Date "2018.03.03"]
[Round "7.23"]
[White "Duch, Mariusz"]
[Black "Majewski, Krzysztof"]
[Result "1/2-1/2"]
[WhiteElo "2229"]
[BlackElo "1529"]
[PlyCount "71"]
[EventDate "2018.03.03"]
[EventType "team-swiss (rapid)"]
[EventRounds "9"]
[EventCountry "POL"]
[SourceTitle "CBM 183 Extra"]
[Source "ChessBase"]
[SourceDate "2018.04.19"]
[SourceVersion "1"]
[SourceVersionDate "2018.04.19"]
[SourceQuality "1"]
[WhiteTeam "Gostynin Gostmat 83"]
[BlackTeam "Koszalin Hetman Politechnika"]
[WhiteTeamCountry "POL"]
[BlackTeamCountry "POL"]

1. e4 c5 2. Nf3 d6 3. d4 cxd4 4. Nxd4 Nf6 5. Nc3 e6 6. Bd3 Be7 7. 0-0 Nc6 8. Nb3 0-0 9. f4 a6 10. Qf3 Qc7 11. Bd2 Re8 12. Rae1 b5 13. Kh1 Bb7 14. Qh3 g6 15. f5 exf5 16. exf5 Ne5 17. Bg5 Nh5 18. fxg6 hxg6 19. Bxe7 Nxd3 20. Qxd3 Rxe7 21. Rxe7 Qxe7 22. Na5 Re8 23. Nxb7 Qxb7 24. Nd5 Re5 25. Rd1 Qc6 26. c3 Qe8 27. h3 Re1+ 28. Rxe1 Qxe1+ 29. Kh2 Qe5+ 30. Kg1 Qe1+ 31. Kh2 Qe5+ 32. Kg1 Qe1+ 33. Kh2 Qe5+ 34. Kg1 Qe1+ 35. Kh2 Qe5+ 36. Kg1 1/2-1/2